[Event "Cairns Cup 2019"]
[Site "Saint Louis"]
[Date "2019.02.15"]
[Round "9.1"]
[White "Kosteniuk, Alexandra"]
[Black "Gunina, Valentina"]
[Result "1/2-1/2"]
[WhiteElo "2532"]
[BlackElo "2501"]
[Annotator "TA"]
[PlyCount "132"]
[EventDate "2019.02.06"]
[EventType "tourn"]
[EventCountry "USA"]
[SourceTitle "playchess.com"]
[Source "ChessBase"]
[SourceQuality "1"]

{[%evp 9,132,16,17,14,16,14,23,0,11,0,0,-35,-36,-28,-9,-25,-17,-12,-11,-19,-19,-18,-18,-35,-38,-46,-39,-33,-3,-37,-39,-45,-45,-48,-28,-62,-29,-33,-52,-78,-71,-92,-94,-108,0,-105,0,-83,-76,-135,-124,-124,-133,-169,-144,-174,-61,-68,-64,-71,-65,-70,-15,-8,19,20,30,10,43,-158,-98,-253,-253,-253,-254,-243,-249,-300,-315,-315,-300,-297,-275,-272,-223,-201,-29,-16,-18,-19,-17,-19,-8,-8,-8,-14,-8,-8,0,0,0,0,0,0,0,0,0,0,0,0,0,0,0,0,8,0,0,0,0,0,8,8,8,8,8]} 1. e4 e5 2. Nf3 Nc6 3. Bb5 Nf6 4. d3 Bc5 5. Bxc6 dxc6 6. Nbd2 {C65: Ruy Lopez: Berlin Defence (3...Nf6), unusual lines and 4 0-0 Bc5} Nd7 (6... Be6 7. O-O Bd6 8. b3 Nd7 9. Nc4 Qe7 10. Bb2 Bxc4 11. bxc4 O-O 12. a4 a6 13. g3 Nc5 {0-1 (43) Robson,R (2667)-So,W (2765) chess.com INT 2019}) 7. Nc4 Qe7 8. a3 {White has an edge.} a5 $146 ({Predecessor:} 8... O-O 9. b4 Bd6 10. Bb2 b5 11. Na5 c5 12. O-O Re8 13. Rb1 cxb4 14. axb4 {½-½ (91) Shyam,S (2534)-Leenhouts,K (2486) Dieren 2017}) 9. b3 O-O 10. Bb2 {[%cal Rc4e5]} f6 11. O-O Nb6 12. Ne3 a4 13. b4 Bxe3 14. fxe3 Bg4 15. Qe1 c5 16. Nh4 cxb4 17. axb4 Nc8 18. b5 Nd6 19. Ba3 Qd7 20. h3 Be6 21. c4 b6 22. Bb4 c5 23. bxc6 Qxc6 24. Ba3 Rfd8 25. Qg3 {Strongly threatening Rxf6.} Kh8 26. Qf3 Kg8 (26... Rd7 $17 27. Rfc1 Nb7) 27. Rad1 (27. Qg3 $11 Kh8 28. Rfd1) 27... Nf7 (27... b5 $17 28. c5 Nf7) 28. Qg3 (28. Be7 $1 $11 {remains equal.} Rdc8 29. Qg3) 28... Kh8 $1 $17 29. Rf2 (29. Qf2 $142) 29... Ra7 30. Rfd2 Rad7 31. Nf3 b5 32. cxb5 Qxb5 ({Better is} 32... Qc3 $1 $19 {[%cal Rc3a3]} 33. Bb2 Qb3) 33. d4 $1 $15 {[%cal Rd4d5] Black must now prevent d5.} Bb3 34. Rc1 Qb7 $36 {[%mdl 2048] Black has some pressure.} 35. Qg4 Nh6 ({Black should play} 35... Rc7 $15 36. Rb1 Re8) 36. Qh4 $11 Bf7 37. Rb2 Qa7 38. Rc6 Ng8 39. Bc5 $2 (39. Kh2 $14 {keeps the upper hand.}) 39... Qa8 $17 40. Rbb6 $2 (40. d5 $17) 40... a3 $19 {[%cal Ba4a3,Ba3a2][%mdl 32]} 41. Ra6 a2 $1 {[%cal Ra2a1]} 42. Qe1 {[#]} ({Of course not} 42. Rxa8 Rxa8 43. Kh2 a1=Q $19) 42... Rb7 $1 {[%cal Rb7b1]} 43. Nd2 Qb8 44. Rcb6 exd4 45. exd4 Rxb6 46. Rxb6 Qf4 {And now ...Ra8 would win.} 47. Ra6 f5 $2 ({Black should try} 47... Re8 $19 48. Ra7 {[#]} Bd5 $1 {[%mdl 576] Back Rank}) 48. d5 $1 $11 fxe4 {The position is equal.} 49. Rxa2 Bxd5 50. Ra7 Ra8 51. Rxa8 Bxa8 52. Nc4 Nf6 53. Bd4 e3 54. Qxe3 Qxe3+ 55. Nxe3 {[%mdl 4096] Endgame KBN-KBN} Ne8 56. g4 Kg8 57. Kf2 Kf7 58. Kg3 Nf6 59. Nc4 Bd5 60. Ne5+ Ke6 61. Kf4 h6 62. Nf3 Kf7 63. Bb2 g5+ 64. Ke3 Nxg4+ 65. hxg4 {Hoping for Ne5+.} Bxf3 66. Kxf3 {Threatens to win with Bc3.} Kg6 $1 {Accuracy: White = 44%, Black = 56%.} 1/2-1/2

[Event "Cairns Cup 2019"]
[Site "Saint Louis"]
[Date "2019.02.15"]
[Round "9.2"]
[White "Krush, Irina"]
[Black "Harika, Dronavalli"]
[Result "1-0"]
[WhiteElo "2435"]
[BlackElo "2471"]
[Annotator "TA"]
[PlyCount "119"]
[EventDate "2019.02.06"]
[EventType "tourn"]
[EventCountry "USA"]
[SourceTitle "playchess.com"]
[Source "ChessBase"]
[SourceQuality "1"]

{[%evp 23,119,85,83,90,105,89,89,95,107,77,81,69,69,64,75,51,50,32,53,30,47,34,29,23,24,-8,0,-19,14,8,32,26,36,0,37,16,18,15,14,10,6,24,42,38,93,97,91,68,68,68,82,81,82,82,82,68,89,85,134,149,357,369,407,369,539,541,499,333,557,510,566,543,557,544,550,544,526,522,1064,1010,1025,941,1163,1114,1254,1204,947,901,2247,2262,2093,1747,29984,29985,29987,29988,29990,29991]} 1. d4 Nf6 2. c4 g6 3. Nc3 Bg7 4. e4 O-O 5. Nf3 d6 6. Be2 e5 7. O-O Na6 8. Be3 c6 9. d5 Ng4 10. Bg5 f6 11. Bh4 c5 12. Nd2 h5 13. a3 {E94: King's Indian: Classical: 6 Be2 e5 7 0-0: Various Black 7th moves} Bd7 14. Rb1 {[#]} Qe7 $146 ({Predecessor:} 14... Qe8 15. b4 b6 16. Nb5 Qe7 17. Rb3 Rf7 18. f3 Nh6 19. Rb2 g5 20. Bf2 f5 21. exf5 Nxf5 {1-0 (44) Sakaev,K (2647)-Miroshnichenko,E (2548) Panormo 2002}) 15. b4 {White is better.} b6 16. Nb5 Rfc8 17. Rb3 Nh6 18. f3 Nf7 19. Bf2 Bh6 20. Rb2 Bg5 21. Qe1 Nc7 22. bxc5 bxc5 23. Nb3 Ne8 24. Qa5 f5 25. Bd3 a6 26. Nc3 Qd8 27. Rfb1 Rab8 28. Ne2 (28. Qxa6 $2 Ra8 $19) 28... h4 29. h3 (29. Qxa6 $2 Ra8 $19) 29... Rb6 30. Nbc1 Rxb2 31. Qxd8 Bxd8 32. Rxb2 Ra8 33. Nc3 g5 (33... f4 $14) 34. exf5 $16 Ng7 {[%cal Be8g7,Bg7f5,Bf5d4][%mdl 32]} 35. N1e2 Nxf5 36. Ne4 Nd4 37. N2c3 Bc8 38. Be3 Kg7 39. Kf2 Kh6 40. Rb1 Bc7 41. Bd2 Ra7 $2 {[#]} (41... Bd8 $16 42. Nd1 Kg7) 42. Nxg5 $1 $18 {[%mdl 512]} Nxg5 43. Ne4 Kg7 (43... Bd8 {might work better.} 44. Rb8 Kg7 45. Nxd6 (45. Bxg5 Bxg5 46. Nxg5 Bf5 $18) (45. Nxg5 Bf5 $16) 45... Rd7) 44. Bxg5 Nf5 45. Rb2 Kg6 $2 {[#]} (45... a5 {is a better defense.} 46. f4 exf4) 46. Bxh4 $1 {[%mdl 576] Deflection} Nxh4 47. Nxd6+ $1 {[%mdl 64] Discovered Attack} Bf5 48. Nxf5 Nxf5 49. g4 Kg5 50. Bxf5 {[%mdl 4096] Endgame KRB-KRB} Kf4 51. h4 {White wants to mate with Re2.} Bd8 52. h5 Bg5 53. d6 a5 54. Rb8 Ra6 {[#]} 55. h6 $1 Rxd6 (55... Bxh6 56. d7) 56. h7 Bf6 57. Ke2 a4 58. Be4 {White mates.} Kg5 59. Rg8+ Kh4 60. g5 {Accuracy: White = 52%, Black = 37%.} 1-0

[Event "Cairns Cup 2019"]
[Site "Saint Louis"]
[Date "2019.02.15"]
[Round "9.3"]
[White "Khotenashvili, Bela"]
[Black "Dzagnidze, Nana"]
[Result "0-1"]
[WhiteElo "2491"]
[BlackElo "2513"]
[Annotator "RC"]
[PlyCount "106"]
[EventDate "2019.02.06"]
[EventType "tourn"]
[EventCountry "USA"]
[SourceTitle "playchess.com"]
[Source "ChessBase"]
[SourceQuality "1"]
[TimeControl "40/5400+30:1800+30"]

1. d4 {[%emt 0:00:00]} d5 {[%emt 0:00:00]} 2. Bf4 {[%emt 0:00:00]} Nf6 {[%emt 0:00:00]} 3. e3 {[%emt 0:00:00]} e6 {[%emt 0:00:46]} 4. Nf3 {[%emt 0:00:46]} Bd6 {[%emt 0:00:50]} 5. Bg3 {[%emt 0:00:17]} O-O {[%emt 0:04:18]} 6. Nbd2 {[%emt 0:01:30]} b6 {[%emt 0:00:30]} 7. c3 {[%emt 0:00:48]} Bb7 {[%emt 0:01:45]} 8. Bd3 {[%emt 0:00:34]} Ne4 {[%emt 0:00:46]} 9. Qc2 {[%emt 0:19:45]} f5 {[%emt 0:01:52]} 10. Ne5 {[%emt 0:01:54]} Nd7 {[%emt 0:16:26]} 11. Nxd7 {[%emt 0:11:24]} Qxd7 {[%emt 0:01:21]} 12. Bxd6 {[%emt 0:07:19]} cxd6 {[%emt 0:11:02]} 13. f3 {[%emt 0:02:35]} Nxd2 {[%emt 0:14:10]} 14. Qxd2 {[%emt 0:00:30]} e5 {[%emt 0:01:46]} 15. O-O-O {[%emt 0:05:57]} e4 {[%emt 0:04:50]} 16. Be2 {[%emt 0:03:26]} a5 {[%emt 0:00:20]} 17. Rhf1 {[%emt 0:07:13]} Ba6 {[%emt 0:07:29]} 18. Bxa6 {[%emt 0:10:31]} Rxa6 {[%emt 0:00:01]} 19. fxe4 {[%emt 0:05:02]} dxe4 {[%emt 0:00:18]} 20. d5 {[%emt 0:00:32]} Raa8 {[%emt 0:10:35]} 21. Rf2 {[%emt 0:01:18]} b5 {[%emt 0:01:26]} 22. Kb1 {[%emt 0:03:50]} Rfe8 {[%emt 0:07:04]} 23. Qd4 {[%emt 0:02:19]} Rac8 {[%emt 0:03:53]} 24. Qb6 {[%emt 0:06:46]} a4 {[%emt 0:01:04]} 25. a3 {[%emt 0:01:47]} Re5 {[%emt 0:00:55]} 26. g3 {[%emt 0:04:44]} h6 {[%emt 0:00:55]} 27. Rd4 {[%emt 0:00:14]} Rc5 {[%emt 0:00:36]} 28. Rfd2 {[%emt 0:00:43]} Qc7 {[%emt 0:04:20]} 29. Qxc7 {[%emt 0:01:46]} Rxc7 {[%emt 0:00:02]} 30. c4 {[%emt 0:00:48]} bxc4 {[%emt 0:00:24]} 31. Rc2 {[%emt 0:00:31]} Kf7 {[%emt 0:01:43]} 32. Kc1 {[%emt 0:00:33]} g5 {[%emt 0:00:58]} 33. Rcxc4 {[%emt 0:00:18]} Rxc4+ {[%emt 0:00:07]} 34. Rxc4 {[%emt 0:00:02]} Rxd5 {[%emt 0:00:04]} 35. Rxa4 {[%emt 0:00:05]} Rd3 {[%emt 0:00:12]} 36. Rd4 {[%emt 0:01:36]} Rxe3 {[%emt 0:00:57]} 37. Rxd6 {[%emt 0:00:03]} f4 {[%emt 0:00:10]} 38. gxf4 {[%emt 0:00:38]} gxf4 {[%emt 0:00:02]} 39. Kd2 {[%emt 0:00:46]} Rf3 {[%emt 0:03:14]} 40. Ke2 {[%emt 0:00:00]} Rh3 {[%emt 0:00:00]} 41. Rd4 {[%emt 0:03:48]} Re3+ {[%emt 0:05:10]} 42. Kf2 {[%emt 0:03:01]} Ke6 {[%emt 0:00:25]} 43. a4 {[%emt 0:02:39]} Ke5 {[%emt 0:00:05]} 44. Rb4 {[%emt 0:00:07]} Rf3+ {[%emt 0:03:41]} 45. Ke1 {[%emt 0:14:54]} Re3+ {[%emt 0:05:05]} 46. Kf1 {[%emt 0:00:33]} f3 {[%emt 0:01:39]} 47. a5 {[%emt 0:01:21]} Rd3 {[%emt 0:01:05]} 48. Kf2 {[%emt 0:02:36]} Rd2+ {[%emt 0:02:33]} 49. Kg3 {[%emt 0:01:27]} Rg2+ {[%emt 0:00:30]} 50. Kh3 {[%emt 0:00:42]} Rg1 {[%emt 0:06:07]} 51. Rb5+ {[%emt 0:00:21]} Kf4 {[%emt 0:00:04]} 52. Rb8 {[%emt 0:00:29]} f2 {[%emt 0:00:31]} 53. Rf8+ {[%emt 0:00:11]} Ke3 0-1

[Event "Cairns Cup 2019"]
[Site "Saint Louis"]
[Date "2019.02.15"]
[Round "9.4"]
[White "Abdumalik, Zhansaya"]
[Black "Paehtz, Elisabeth"]
[Result "1-0"]
[WhiteElo "2468"]
[BlackElo "2466"]
[Annotator "RC"]
[PlyCount "103"]
[EventDate "2019.02.06"]
[EventType "tourn"]
[EventCountry "USA"]
[SourceTitle "playchess.com"]
[Source "ChessBase"]
[SourceQuality "1"]
[TimeControl "40/5400+30:1800+30"]

1. e4 {[%emt 0:00:00]} e5 {[%emt 0:00:00]} 2. Nf3 {[%emt 0:00:00]} Nc6 {[%emt 0:00:00]} 3. Bb5 {[%emt 0:00:04]} a6 {[%emt 0:00:00]} 4. Ba4 {[%emt 0:00:08]} Nf6 {[%emt 0:00:00]} 5. O-O {[%emt 0:00:09]} Be7 {[%emt 0:00:16]} 6. Re1 {[%emt 0:00:07]} b5 {[%emt 0:00:03]} 7. Bb3 {[%emt 0:00:07]} d6 {[%emt 0:00:02]} 8. c3 {[%emt 0:00:11]} O-O {[%emt 0:00:06]} 9. h3 {[%emt 0:00:04]} Na5 {[%emt 0:00:02]} 10. Bc2 {[%emt 0:00:11]} c5 {[%emt 0:00:03]} 11. d4 {[%emt 0:00:39]} Qc7 {[%emt 0:00:06]} 12. d5 {[%emt 0:02:13]} Bd7 {[%emt 0:00:17]} 13. Nbd2 {[%emt 0:02:19]} c4 {[%emt 0:02:33]} 14. Nf1 {[%emt 0:03:54]} Rfc8 {[%emt 0:02:38]} 15. g4 {[%emt 0:05:34]} Nb7 {[%emt 0:03:24]} 16. Ng3 {[%emt 0:03:55]} g6 {[%emt 0:08:24]} 17. Bh6 {[%emt 0:05:54]} Ne8 {[%emt 0:12:18]} 18. Kh2 {[%emt 0:10:44]} a5 {[%emt 0:07:08]} 19. Qd2 {[%emt 0:05:12]} b4 {[%emt 0:01:13]} 20. Rg1 {[%emt 0:03:39]} bxc3 {[%emt 0:09:13]} 21. bxc3 {[%emt 0:01:01]} Nc5 {[%emt 0:00:07]} 22. Be3 {[%emt 0:06:16]} Rab8 {[%emt 0:07:03]} 23. Rab1 {[%emt 0:01:20]} Bd8 {[%emt 0:03:13]} 24. Rxb8 {[%emt 0:04:41]} Rxb8 {[%emt 0:00:05]} 25. Rb1 {[%emt 0:00:21]} Rxb1 {[%emt 0:00:55]} 26. Bxb1 {[%emt 0:00:11]} Bb5 {[%emt 0:04:37]} 27. Qb2 {[%emt 0:03:02]} Ba6 {[%emt 0:00:32]} 28. Qa3 {[%emt 0:01:14]} Nd3 {[%emt 0:15:52]} 29. Bxd3 {[%emt 0:05:08]} cxd3 {[%emt 0:00:03]} 30. Nd2 {[%emt 0:00:20]} Nf6 {[%emt 0:00:27]} 31. c4 {[%emt 0:03:47]} Nd7 {[%emt 0:02:43]} 32. Kg2 {[%emt 0:06:24]} Bxc4 {[%emt 0:08:53]} 33. Nxc4 {[%emt 0:00:29]} Qxc4 {[%emt 0:00:03]} 34. Qxd6 {[%emt 0:00:09]} Qa4 {[%emt 0:00:01]} 35. Qa6 {[%emt 0:04:21]} Kf8 {[%emt 0:10:11]} 36. Qxd3 {[%emt 0:07:24]} Qxa2 {[%emt 0:00:03]} 37. Qb5 {[%emt 0:01:42]} Ke8 {[%emt 0:00:34]} 38. Nf1 {[%emt 0:00:49]} Qc2 {[%emt 0:01:56]} 39. Nd2 {[%emt 0:02:40]} a4 {[%emt 0:00:31]} 40. Qa6 {[%emt 0:00:00]} Be7 {[%emt 0:00:00]} 41. Qa8+ {[%emt 0:09:53]} Bd8 {[%emt 0:02:04]} 42. Qa6 {[%emt 0:00:03]} Be7 {[%emt 0:01:16]} 43. Qa8+ {[%emt 0:03:15]} Bd8 {[%emt 0:00:04]} 44. Bg5 {[%emt 0:02:46]} f6 {[%emt 0:00:43]} 45. Be3 {[%emt 0:00:41]} g5 {[%emt 0:05:01]} 46. Kh2 {[%emt 0:06:33]} Nf8 {[%emt 0:05:24]} 47. Qa6 {[%emt 0:10:36]} Be7 {[%emt 0:03:04]} 48. Nc4 {[%emt 0:00:55]} Kf7 {[%emt 0:03:00]} 49. d6 {[%emt 0:00:27]} Bd8 {[%emt 0:00:11]} 50. Qc8 {[%emt 0:01:22]} Qxe4 {[%emt 0:01:50]} 51. Qxd8 {[%emt 0:00:18]} Qxc4 {[%emt 0:00:05]} 52. Qc7+ {[%emt 0:00:08]} 1-0

[Event "Cairns Cup 2019"]
[Site "Saint Louis"]
[Date "2019.02.15"]
[Round "9.5"]
[White "Zatonskih, Anna"]
[Black "Sebag, Marie"]
[Result "1-0"]
[WhiteElo "2428"]
[BlackElo "2476"]
[Annotator "TA"]
[PlyCount "97"]
[EventDate "2019.02.06"]
[EventType "tourn"]
[EventCountry "USA"]
[SourceTitle "playchess.com"]
[Source "ChessBase"]
[SourceQuality "1"]

{[%evp 9,97,0,15,15,9,0,0,0,0,0,0,7,17,22,23,-20,38,35,35,42,205,234,222,210,309,296,279,289,252,225,241,239,338,312,588,593,612,611,597,575,1129,1118,1237,1227,1393,268,270,269,266,261,261,224,256,248,254,229,329,312,316,322,445,444,459,459,459,397,452,277,1040,796,29955,29950,29952,29958,11995,6091,29973,29975,29977,29975,29975,29976,29976,29977,29979,29980,29980,29981,29983,29984]} 1. d4 d5 2. c4 c6 3. Nf3 Nf6 4. Qb3 dxc4 5. Qxc4 Bg4 6. Nc3 {D23: Queen's Gambit Accepted: 3 Nf3 Nf6 sidelines} Nbd7 7. e4 Bxf3 8. gxf3 {The position is equal.} e5 9. Be3 exd4 10. Bxd4 Bd6 11. O-O-O $36 {[%mdl 2048] [#] e5! is the strong threat. White has good play.} Qc7 12. h4 Ne5 $146 (12... b5 $11 13. Qb3 O-O) ({Predecessor:} 12... O-O 13. Ne2 Rad8 {0-1 (31) Bu,X (2708)-Gelfand,B (2723) Yerevan 2008}) 13. Qe2 $14 {And now f4 would win.} Nh5 $1 14. Kb1 {aiming for Be3.} Ng6 $2 {[#]} (14... O-O $1 $14) 15. Nb5 $1 $18 {[%cal Rb5c7][%mdl 512]} cxb5 16. Qxb5+ {[%mdl 64] Double Attack} Kf8 (16... Qc6 $142) 17. Qxh5 Be5 18. Rc1 Qe7 19. Bxe5 Nxe5 20. f4 Ng6 (20... Nc6 $142) 21. Qf5 {Black must now prevent h5.} Re8 $2 (21... h5 22. Rc8+ Rxc8 23. Qxc8+ Qe8 24. Qxb7 Nxf4) 22. h5 Nh4 23. Qh3 Qxe4+ 24. Ka1 Qc6 {[%cal Rc6c1]} 25. Bd3 Qd5 26. Bc4 Qxh5 27. Qxh4 $2 (27. Rhe1 {Qa3+ would kill now.} Rb8 28. Qd7 g5 29. Re7 Kg7 30. Rxf7+ Kh6 31. Qd6+ Ng6 32. fxg5+ Kxg5 33. Rg1+ Qg4 34. Qf6+ Kh5 35. Be2 Kh6 36. Rh1+ Qh5 37. Rxh5#) 27... Qxh4 28. Rxh4 Rc8 {...b5 would now be nice for Black.} 29. Rhh1 Ke7 30. a3 h6 31. Kb1 Rhd8 32. Bb3 Kf6 (32... Rxc1+ $142 33. Rxc1 Rd7) 33. Rxc8 Rxc8 34. Rc1 Rxc1+ 35. Kxc1 {[%mdl 4096] Endgame KB-KP} Kf5 36. Bxf7 Kxf4 37. Kd2 b6 38. Ke2 g5 $2 (38... Ke4 39. f3+ Kd4) 39. f3 a5 40. Be8 Ke5 41. Ke3 Kd5 42. Bf7+ Kc5 43. Ke4 {White mates.} a4 44. Kf5 Kd4 45. Be8 Ke3 46. Kg4 Kd2 47. Bxa4 Kc1 48. Bc6 Kxb2 49. a4 {Accuracy: White = 74%, Black = 39%.} 1-0